| 000 | 00681nam a2200241Ia 4500 | ||
|---|---|---|---|
| 003 | OSt | ||
| 005 | 20220918184012.0 | ||
| 006 | a|||||r|||| 00| 0 | ||
| 007 | ta | ||
| 008 | 220917b |||||||| |||| 00| 0 eng d | ||
| 024 | _a43,603 | ||
| 037 | _cTextual | ||
| 040 |
_aARTS _cARTS _beng |
||
| 041 |
_2eng _aeng |
||
| 082 | _aO157,1M61x, 111J7 | ||
| 100 | _aTagore Rabindranath | ||
| 245 | 0 |
_aHerald of spring _b poems from Mohua tr by Aurobindo Bose |
|
| 260 | _c1957 | ||
| 490 | _aWisdom of the east , ed by J L Cranmer-byng | ||
| 650 | _aENGLISH LITERATURE | ||
| 942 |
_hO157,1M61x, 111J7 _cTEXL _2CC |
||
| 999 |
_c174710 _d174710 |
||